[Event "2. Bundesliga Ost 2019/2020"]
[Site "alle Wien"]
[Date "2020.02.29"]
[Round "8"]
[Board "5"]
[White "Hechl, Fabian"]
[Black "Lucaci, Marius"]
[Result "1-0"]
[WhiteElo "1978"]
[BlackElo "2149"]
[PlyCount "89"]
[EventDate "2019.10.19"]
[EventType "team"]
[EventRounds "11"]
[EventCountry "AUT"]
[WhiteTeam "SC Donaustadt"]
[BlackTeam "Data Technology Pressbaum/E."]

1. e4 e6 2. d4 d5 3. Nd2 Nf6 4. e5 Nfd7 5. Bd3 c5 6. c3 Nc6 7. Ne2 Qb6 8. Nf3
f6 9. exf6 Nxf6 10. O-O cxd4 11. cxd4 Bd6 12. b3 O-O 13. Bf4 Bxf4 14. Nxf4 Ne4
15. Ne2 Bd7 16. Bxe4 dxe4 17. Ng5 Rad8 18. Nxe4 Be8 19. Ng5 Nxd4 20. Nxd4 Rxd4
21. Qe2 Rf6 22. Rac1 Bc6 23. Rc4 Rg6 24. Qh5 Rxg5 25. Qxg5 Rxc4 26. bxc4 Qd4
27. Qe3 Qxc4 28. Qxa7 h6 29. a3 Kh7 30. Qe3 Qd5 31. f3 Bb5 32. Rc1 Bc6 33. Re1
Qa2 34. Re2 Qa1+ 35. Kf2 Bd5 36. Qd3+ Kg8 37. Rc2 Bc6 38. Qd8+ Kh7 39. Qd3+ Kg8
40. Rc3 Qb2+ 41. Kg3 Qa1 42. Qe3 Kh7 43. Rc4 Qf6 44. a4 Qf5 45. Rxc6  1-0

[Event "2. Bundesliga Ost 2019/2020"]
[Site "alle Wien"]
[Date "2020.02.29"]
[Round "8"]
[Board "6"]
[White "Schmidrathner, Christian"]
[Black "Hofbauer, Peter"]
[Result "1-0"]
[WhiteElo "2092"]
[BlackElo "2032"]
[PlyCount "39"]
[EventDate "2019.10.19"]
[EventType "team"]
[EventRounds "11"]
[EventCountry "AUT"]
[WhiteTeam "Data Technology Pressbaum/E."]
[BlackTeam "SC Donaustadt"]

1. e4 d6 2. d4 Nf6 3. Nc3 g6 4. f4 Bg7 5. Nf3 c5 6. Bb5+ Bd7 7. e5 Ng4 8. e6
fxe6 9. Ng5 Bxd4 10. Bxd7+ Qxd7 11. Qxg4 e5 12. Qxd7+ Kxd7 13. Ne2 exf4 14.
Nxd4 cxd4 15. Bxf4 Nc6 16. O-O-O Raf8 17. Bg3 e5 18. c3 dxc3 19. bxc3 Rf6 20.
Ne4  1-0

[Event "2. Bundesliga Ost 2019/2020"]
[Site "alle Wien"]
[Date "2020.02.29"]
[Round "8"]
[Board "1"]
[White "Hangweyrer, Manfred"]
[Black "Schwarz, Dusan"]
[Result "0-1"]
[WhiteElo "2347"]
[BlackElo "2315"]
[PlyCount "50"]
[EventDate "2019.10.19"]
[EventType "team"]
[EventRounds "11"]
[EventCountry "AUT"]
[WhiteTeam "SK Austria Wien"]
[BlackTeam "Amateure"]

1. e4 c5 2. Nf3 d6 3. Bb5+ Nc6 4. Bxc6+ bxc6 5. O-O Bg4 6. h3 Bh5 7. c3 Nf6 8.
Re1 e6 9. d4 cxd4 10. cxd4 Be7 11. Nc3 O-O 12. b3 d5 13. e5 Nd7 14. Na4 c5 15.
Be3 cxd4 16. Qxd4 Bxf3 17. gxf3 f6 18. f4 Qe8 19. Qd1 fxe5 20. fxe5 Nxe5 21. f4
Qg6+ 22. Kh2 Bh4 23. fxe5 Qg3+ 24. Kh1 Qxh3+ 25. Kg1 Rf3  0-1

[Event "2. Bundesliga Ost 2019/2020"]
[Site "alle Wien"]
[Date "2020.02.29"]
[Round "8"]
[Board "2"]
[White "Vlcek, Stanislav"]
[Black "Sardy, Peter"]
[Result "0-1"]
[WhiteElo "2297"]
[BlackElo "2352"]
[PlyCount "100"]
[EventDate "2019.10.19"]
[EventType "team"]
[EventRounds "11"]
[EventCountry "AUT"]
[WhiteTeam "Amateure"]
[BlackTeam "SK Austria Wien"]

1. e4 c5 2. Nf3 e6 3. d4 cxd4 4. Nxd4 a6 5. Bd3 Ne7 6. O-O Nbc6 7. Nb3 g6 8.
Bg5 Bg7 9. Nc3 h6 10. Bf4 Ne5 11. Be2 g5 12. Be3 O-O 13. f4 gxf4 14. Rxf4 N7g6
15. Rf2 b6 16. Qd2 Kh7 17. Raf1 Bb7 18. Nd4 Rc8 19. Nf3 Nc4 20. Bxc4 Rxc4 21.
Nd4 Ne5 22. b3 Rxc3 23. Qxc3 Bxe4 24. Bf4 Ng4 25. Re2 f5 26. Bd6 Rg8 27. Qd2
Qh4 28. Nf3 Qh5 29. c4 Nf6 30. Qe3 b5 31. Rd2 bxc4 32. bxc4 Bc6 33. Bf4 Ne4 34.
Rd3 Bf8 35. Qe2 Qg4 36. Be3 f4 37. Bd4 Ng5 38. Nxg5+ Qxg5 39. g3 Bd6 40. Bf2
fxg3 41. Rxg3 Bxg3 42. Bxg3 Qc5+ 43. Rf2 Qd4 44. Qc2+ Be4 45. Qb2 Qe3 46. Qe5
Rf8 47. Bf4 Qe1+ 48. Rf1 Qe2 49. Rf2 Qg4+ 50. Bg3 Qd1+  0-1

[Event "2. Bundesliga Ost 2019/2020"]
[Site "alle Wien"]
[Date "2020.02.29"]
[Round "8"]
[Board "3"]
[White "Druckenthaner, Andreas"]
[Black "Bachofner, Andreas"]
[Result "1-0"]
[WhiteElo "2279"]
[BlackElo "2213"]
[PlyCount "69"]
[EventDate "2019.10.19"]
[EventType "team"]
[EventRounds "11"]
[EventCountry "AUT"]
[WhiteTeam "SK Austria Wien"]
[BlackTeam "Amateure"]

1. e4 d5 2. exd5 Qxd5 3. Nc3 Qa5 4. g3 Nf6 5. Bg2 c6 6. Nf3 Bg4 7. h3 Bh5 8.
O-O e6 9. d4 Be7 10. Ne2 Nbd7 11. Nf4 Bg6 12. Nxg6 hxg6 13. Qe2 Qc7 14. Ng5 Nh7
15. Bf4 e5 16. Bxe5 Nxe5 17. Nxh7 Rxh7 18. dxe5 Rh5 19. e6 Qe5 20. exf7+ Kf8
21. Qc4 Qb5 22. Qg4 Rg5 23. Qe6 Qf5 24. Qb3 Qb5 25. Rfd1 Qxb3 26. axb3 Re5 27.
Bf3 a6 28. Rd7 Rb8 29. Rad1 Kxf7 30. Rc7 Ke6 31. Rdd7 Re1+ 32. Kg2 Bf6 33. Bg4+
Ke5 34. Re7+ Bxe7 35. Rxe7+  1-0

[Event "2. Bundesliga Ost 2019/2020"]
[Site "alle Wien"]
[Date "2020.02.29"]
[Round "8"]
[Board "4"]
[White "Kuntner, Reinhard"]
[Black "Wagner, Gregor"]
[Result "1-0"]
[WhiteElo "2049"]
[BlackElo "2168"]
[PlyCount "67"]
[EventDate "2019.10.19"]
[EventType "team"]
[EventRounds "11"]
[EventCountry "AUT"]
[WhiteTeam "Amateure"]
[BlackTeam "SK Austria Wien"]

1. c4 Nf6 2. Nc3 g6 3. e4 d6 4. g3 Bg7 5. Bg2 O-O 6. Nge2 e5 7. d4 exd4 8. Nxd4
Re8 9. O-O Nbd7 10. Re1 a6 11. f3 Rb8 12. Be3 Ne5 13. b3 c5 14. Nde2 b5 15.
cxb5 axb5 16. a4 b4 17. Nb5 Rb6 18. Nf4 g5 19. Nd3 Nfd7 20. Nf2 Nf8 21. Ra2 Ba6
22. f4 Bxb5 23. axb5 gxf4 24. gxf4 Neg6 25. e5 dxe5 26. Bc6 Qxd1 27. Rxd1 Reb8
28. Bxc5 Rxb5 29. Bxb5 Rxb5 30. Bxf8 Bxf8 31. f5 Nf4 32. Rd8 Kg7 33. f6+ Kg8
34. Ne4  1-0

[Event "2. Bundesliga Ost 2019/2020"]
[Site "alle Wien"]
[Date "2020.02.29"]
[Round "8"]
[Board "5"]
[White "Poecksteiner, Johann"]
[Black "Wiedermann, Daniel"]
[Result "1-0"]
[WhiteElo "2154"]
[BlackElo "2084"]
[PlyCount "125"]
[EventDate "2019.10.19"]
[EventType "team"]
[EventRounds "11"]
[EventCountry "AUT"]
[WhiteTeam "SK Austria Wien"]
[BlackTeam "Amateure"]

1. d4 d5 2. Nf3 Nc6 3. Bf4 Bg4 4. e3 e6 5. Bb5 Nge7 6. c3 a6 7. Ba4 Ng6 8.
Bxc6+ bxc6 9. Qa4 Qd7 10. Ne5 Nxe5 11. Bxe5 f6 12. Bg3 Bd6 13. Nd2 O-O 14. O-O
Rab8 15. b3 Be2 16. Rfe1 Bb5 17. Qa5 Bd3 18. Bxd6 cxd6 19. e4 dxe4 20. Nxe4 e5
21. dxe5 fxe5 22. Rad1 Bxe4 23. Rxe4 Qa7 24. Re3 Rf6 25. Rd2 Rbf8 26. Ree2 e4
27. Qg5 Qe7 28. Qe3 d5 29. c4 Rf5 30. h3 R8f6 31. f3 Qe5 32. cxd5 cxd5 33. Rd1
Rf4 34. Red2 Rd6 35. Rxd5 Rxf3 36. Qd4 Rxd5 37. Qxd5+ Qxd5 38. Rxd5 Rc3 39. Ra5
e3 40. Kf1 Rc6 41. Ke2 Re6 42. Rc5 Kf7 43. Rc3 Kf6 44. Rxe3 Rc6 45. Kd2 h5 46.
b4 Kf5 47. a4 h4 48. b5 axb5 49. axb5 Rg6 50. Rb3 Rxg2+ 51. Ke1 Rc2 52. b6 Rc8
53. b7 Rb8 54. Kf2 Kf4 55. Rb4+ Ke5 56. Kf3 Kf5 57. Rb5+ Ke6 58. Kg4 Kf6 59.
Rb6+ Kf7 60. Kxh4 Kg8 61. Kg5 Kh7 62. Kf5 Kg8 63. Ke6  1-0

[Event "2. Bundesliga Ost 2019/2020"]
[Site "alle Wien"]
[Date "2020.02.29"]
[Round "8"]
[Board "6"]
[White "Jirovec, Alfred"]
[Black "Wiedermann, Franz"]
[Result "1-0"]
[WhiteElo "2006"]
[BlackElo "2114"]
[PlyCount "101"]
[EventDate "2019.10.19"]
[EventType "team"]
[EventRounds "11"]
[EventCountry "AUT"]
[WhiteTeam "Amateure"]
[BlackTeam "SK Austria Wien"]

1. Nf3 Nf6 2. c4 e6 3. g3 d5 4. cxd5 exd5 5. Bg2 Be7 6. O-O O-O 7. d3 c5 8. a3
Nc6 9. Nc3 d4 10. Nb1 Be6 11. Nbd2 Qd7 12. Re1 h6 13. Qc2 Rac8 14. Nc4 Bd5 15.
Bf4 g5 16. Bc1 Rfe8 17. b3 Bf8 18. Bd2 b5 19. Na5 Nxa5 20. Bxa5 g4 21. Nh4 Bxg2
22. Nxg2 Nd5 23. Bd2 Nc3 24. e4 Bg7 25. Nh4 h5 26. Nf5 Be5 27. Qc1 Rc6 28. Bg5
c4 29. bxc4 bxc4 30. Qd2 cxd3 31. Qxd3 Rg6 32. Bd2 Qb5 33. Qxb5 Nxb5 34. Rab1
Nc3 35. Rb7 Ra6 36. Nh6+ Kg7 37. Nxf7 Kg6 38. Nxe5+ Rxe5 39. Bxc3 dxc3 40. Rb3
Rc6 41. Rc1 c2 42. Rb2 Rec5 43. a4 a6 44. Kg2 Rc3 45. a5 R6c5 46. Rb6+ Kg5 47.
Rxa6 Rd3 48. Rb6 Rd1 49. h4+ gxh3+ 50. Kxh3 h4 51. f4+  1-0

[Event "2. Bundesliga Ost 2019/2020"]
[Site "alle Wien"]
[Date "2020.02.29"]
[Round "8"]
[Board "1"]
[White "Peyrer, Konstantin"]
[Black "Loeffler, Stefan"]
[Result "0-1"]
[WhiteElo "2286"]
[BlackElo "2373"]
[PlyCount "104"]
[EventDate "2019.10.19"]
[EventType "team"]
[EventRounds "11"]
[EventCountry "AUT"]
[WhiteTeam "mpimmo Wien - SK Ottakring"]
[BlackTeam "ASVOE VHS Poechlarn"]

1. e4 c5 2. Nf3 Nc6 3. d4 cxd4 4. Nxd4 Qb6 5. Nb3 Nf6 6. Nc3 e6 7. Be3 Qc7 8.
a3 a6 9. g3 Ne5 10. Bg2 Nc4 11. Bf4 d6 12. Bc1 b5 13. O-O Bb7 14. Re1 Be7 15.
Nd2 Nb6 16. Nf1 Rd8 17. Bf4 Nc4 18. b3 Ne5 19. Bd2 h5 20. Ne3 g5 21. f3 Rg8 22.
Kh1 Qc8 23. Nf1 g4 24. f4 Nf3 25. h4 d5 26. e5 Ne4 27. Nxe4 dxe4 28. Qc1 Nxe1
29. Bxe1 Bc5 30. Ba5 Rd7 31. Ne3 Bd4 32. Rb1 Bc3 33. Bxc3 Qxc3 34. Qg1 Ke7 35.
Re1 Rgd8 36. Qf1 Rd2 37. Qg1 R8d7 38. Qf1 Kd8 39. Kh2 Kc7 40. Kh1 Kb8 41. Qg1
Qc5 42. Qf1 Ka8 43. a4 bxa4 44. bxa4 R7d4 45. Rb1 Rxa4 46. Rb3 Rb4 47. Ra3 Rb5
48. Qc1 Rd3 49. Rxd3 exd3 50. Bxb7+ Rxb7 51. Qd2 Rb1+ 52. Kh2 Qc6  0-1

[Event "2. Bundesliga Ost 2019/2020"]
[Site "alle Wien"]
[Date "2020.02.29"]
[Round "8"]
[Board "2"]
[White "Ganaus, Hannes"]
[Black "Bauer, Thomas"]
[Result "1-0"]
[WhiteElo "2196"]
[BlackElo "2207"]
[PlyCount "51"]
[EventDate "2019.10.19"]
[EventType "team"]
[EventRounds "11"]
[EventCountry "AUT"]
[WhiteTeam "ASVOE VHS Poechlarn"]
[BlackTeam "mpimmo Wien - SK Ottakring"]

1. d4 Nf6 2. c4 g6 3. Nc3 d5 4. e3 Bg7 5. Qb3 dxc4 6. Bxc4 O-O 7. Nf3 c5 8.
dxc5 Qc7 9. O-O Nbd7 10. Qa3 Nxc5 11. Nb5 Qb6 12. Bd2 Nfe4 13. Ba5 Qf6 14. Nc7
Bg4 15. Nd5 Qd6 16. Bc7 Qe6 17. Ng5 Bxb2 18. Nxe6 Bxa3 19. Nxe7+ Kh8 20. Nxf8
Bb2 21. f3 Rxf8 22. fxe4 Nxe4 23. Rab1 Ba3 24. Bd5 Re8 25. Be5+ f6 26. Rxf6  1-0

[Event "2. Bundesliga Ost 2019/2020"]
[Site "alle Wien"]
[Date "2020.02.29"]
[Round "8"]
[Board "3"]
[White "Steindl, Johannes"]
[Black "Weinzettl, Ernst"]
[Result "0-1"]
[WhiteElo "2278"]
[BlackElo "2175"]
[PlyCount "92"]
[EventDate "2019.10.19"]
[EventType "team"]
[EventRounds "11"]
[EventCountry "AUT"]
[WhiteTeam "mpimmo Wien - SK Ottakring"]
[BlackTeam "ASVOE VHS Poechlarn"]

1. e4 c5 2. Nf3 Nc6 3. Bb5 d6 4. O-O Bd7 5. Re1 a6 6. Bf1 Bg4 7. h3 Bh5 8. d3
e6 9. Nbd2 Nf6 10. c3 Nd7 11. Be2 Be7 12. Nf1 O-O 13. a3 Bxf3 14. Bxf3 Bg5 15.
Ne3 Nde5 16. Be2 Ng6 17. b4 b5 18. d4 cxd4 19. cxd4 Rc8 20. d5 Nd4 21. Ra2
Nxe2+ 22. Raxe2 Bxe3 23. Rxe3 e5 24. Bd2 Qd7 25. Qb1 f5 26. exf5 Qxf5 27. Qxf5
Rxf5 28. Rc1 Rxc1+ 29. Bxc1 Nf4 30. Re1 Nxd5 31. Rd1 Nc3 32. Rd2 Rf8 33. Rc2
Na4 34. Rc6 Rd8 35. f4 exf4 36. Bxf4 d5 37. Kf2 d4 38. Rxa6 d3 39. Ke1 Re8+ 40.
Kd2 Nb2 41. Kc3 Re2 42. Rd6 Rc2+ 43. Kb3 Na4 44. Be5 Re2 45. Bc3 Re3 46. Bd4
Re1  0-1

[Event "2. Bundesliga Ost 2019/2020"]
[Site "alle Wien"]
[Date "2020.02.29"]
[Round "8"]
[Board "4"]
[White "Ernst, Michael"]
[Black "Atzl, Florian"]
[Result "0-1"]
[WhiteElo "2169"]
[BlackElo "2175"]
[PlyCount "64"]
[EventDate "2019.10.19"]
[EventType "team"]
[EventRounds "11"]
[EventCountry "AUT"]
[WhiteTeam "ASVOE VHS Poechlarn"]
[BlackTeam "mpimmo Wien - SK Ottakring"]

1. d4 c5 2. c3 cxd4 3. cxd4 Nf6 4. Nf3 d5 5. Nc3 Nc6 6. Bf4 e6 7. e3 Bd6 8.
Bxd6 Qxd6 9. Bd3 O-O 10. O-O a6 11. Ne2 Bd7 12. a3 Rfc8 13. Rc1 Na5 14. Ne5 b5
15. b4 Nc4 16. Bxc4 bxc4 17. Nc3 Be8 18. Qc2 a5 19. Qb2 axb4 20. axb4 Rcb8 21.
Rb1 Rb7 22. h3 h6 23. Nf3 Rab8 24. Qa3 Qf8 25. Na2 Ne4 26. Rfc1 Bd7 27. Ne5 Ra8
28. Qb2 Ba4 29. f3 Bb3 30. Ra1 Nd6 31. Rcb1 Qe8 32. Qd2 Rba7  0-1

[Event "2. Bundesliga Ost 2019/2020"]
[Site "alle Wien"]
[Date "2020.02.29"]
[Round "8"]
[Board "5"]
[White "Plank, Franz"]
[Black "Batyte, Daiva"]
[Result "0-1"]
[WhiteElo "2172"]
[BlackElo "2145"]
[PlyCount "152"]
[EventDate "2019.10.19"]
[EventType "team"]
[EventRounds "11"]
[EventCountry "AUT"]
[WhiteTeam "mpimmo Wien - SK Ottakring"]
[BlackTeam "ASVOE VHS Poechlarn"]

1. e4 e6 2. d4 d5 3. Qd3 dxe4 4. Qxe4 Nf6 5. Qh4 c5 6. dxc5 Bxc5 7. Nf3 Nc6 8.
Bc4 Nd4 9. Nxd4 Qxd4 10. Qxd4 Bxd4 11. c3 Bb6 12. Nd2 Bd7 13. Be2 Bc6 14. O-O
O-O 15. Nc4 Bc7 16. Rd1 Rfd8 17. Bg5 h6 18. Bh4 Bb5 19. Bf1 Ba4 20. b3 Bb5 21.
f3 Rdc8 22. Bg3 Nd5 23. Rdc1 a6 24. Bxc7 Rxc7 25. Nd6 Bxf1 26. Kxf1 Rd8 27. Ne4
f5 28. c4 Ne3+ 29. Kf2 Nxg2 30. Kxg2 fxe4 31. Rc2 exf3+ 32. Kxf3 Kf7 33. Re1
Rcd7 34. Ree2 g5 35. c5 Rc8 36. Re4 Rd3+ 37. Kg4 Rg8 38. Rf2+ Ke7 39. Rfe2 Rg6
40. Rb4 Rd7 41. Rb6 Rf6 42. Re4 Rc7 43. b4 Kf7 44. a3 e5 45. Rxe5 Rxb6 46. cxb6
Rc4+ 47. Kf3 Rc6 48. Re4 Rxb6 49. h4 Rc6 50. hxg5 hxg5 51. Re3 Kf6 52. Kg3 b5
53. Kg4 Rc4+ 54. Kg3 Kf5 55. Kf3 g4+ 56. Kg3 Rd4 57. Kg2 Rd2+ 58. Kg3 Rc2 59.
Rb3 Rc4 60. Re3 Rc1 61. Rb3 Rh1 62. Kg2 Rh3 63. Rb2 Rxa3 64. Rc2 Ke4 65. Rc6
Kd4 66. Kf2 Rb3 67. Rxa6 Rxb4 68. Rb6 Kc5 69. Rb8 Re4 70. Rc8+ Kb4 71. Kg3 Kb3
72. Kh4 b4 73. Kg3 Kb2 74. Kh4 b3 75. Rb8 Kc3 76. Kg3 b2  0-1

[Event "2. Bundesliga Ost 2019/2020"]
[Site "alle Wien"]
[Date "2020.02.29"]
[Round "8"]
[Board "6"]
[White "Mittermayr, Gerhard"]
[Black "Higatsberger, Michael"]
[Result "0-1"]
[WhiteElo "2071"]
[BlackElo "2097"]
[PlyCount "94"]
[EventDate "2019.10.19"]
[EventType "team"]
[EventRounds "11"]
[EventCountry "AUT"]
[WhiteTeam "ASVOE VHS Poechlarn"]
[BlackTeam "mpimmo Wien - SK Ottakring"]

1. e4 e6 2. d4 d5 3. Nd2 Be7 4. c3 dxe4 5. Nxe4 Nf6 6. Bd3 Nbd7 7. Qe2 c5 8.
Nxf6+ Nxf6 9. dxc5 O-O 10. Bg5 Qc7 11. Nf3 Qxc5 12. O-O h6 13. Bh4 Qh5 14. Bc2
Rd8 15. Rfd1 Bd7 16. Qe5 Qxe5 17. Nxe5 Be8 18. Rxd8 Rxd8 19. Rd1 Rxd1+ 20. Bxd1
g5 21. Bg3 Ne4 22. Bf3 Nxg3 23. hxg3 f6 24. Ng4 h5 25. Ne3 b5 26. b3 Bc5 27.
Nf1 g4 28. Be2 a5 29. c4 b4 30. Bd3 f5 31. Ne3 Kf7 32. Kf1 Bc6 33. Ke2 Kf6 34.
f4 Ke7 35. Kd2 Kd6 36. Ke2 Bd4 37. Kd2 Kc5 38. Ke2 Bf6 39. Kd2 h4 40. gxh4 Bxh4
41. Nc2 Bxg2 42. Ke3 Bc6 43. Nd4 Bf2+ 44. Kxf2 Kxd4 45. Bf1 Be4 46. Be2 Bb1 47.
Bd1 Bxa2  0-1

[Event "2. Bundesliga Ost 2019/2020"]
[Site "alle Wien"]
[Date "2020.02.29"]
[Round "8"]
[Board "1"]
[White "Polak, Tomas"]
[Black "Mikes, Jan"]
[Result "1-0"]
[WhiteElo "2527"]
[BlackElo "2355"]
[PlyCount "105"]
[EventDate "2019.10.19"]
[EventType "team"]
[EventRounds "11"]
[EventCountry "AUT"]
[WhiteTeam "SK Hietzing"]
[BlackTeam "SG Mistelbach/Altlichtenwarth"]

1. d4 d5 2. c4 e6 3. Nf3 Nf6 4. Nc3 dxc4 5. e3 a6 6. a4 c5 7. Bxc4 cxd4 8. exd4
Be7 9. Ne5 O-O 10. O-O Nc6 11. Nxc6 bxc6 12. a5 Qc7 13. Qf3 Bd6 14. Bg5 Nd5 15.
Qh5 h6 16. Bd2 Rb8 17. b3 Qa7 18. Qh4 Be7 19. Qg3 Nxc3 20. Bxc3 Bf6 21. Rad1
Rb7 22. Rd3 Rd7 23. Bb4 Be7 24. Bxe7 Rxe7 25. Qe5 Qc7 26. Qc5 Rd8 27. Rfd1 Red7
28. g3 Bb7 29. f3 Re7 30. Kf2 Red7 31. b4 Re7 32. Re1 Bc8 33. Ke3 Bb7 34. Kd2
Bc8 35. Kc3 Red7 36. Re5 Rd6 37. f4 Kh8 38. Ree3 Kg8 39. h4 Kh8 40. Qe5 Qa7 41.
Qc5 Qc7 42. Re5 Kh7 43. Re4 Rd5 44. Bxd5 Rxd5 45. Qb6 Qxb6 46. axb6 Rb5 47. Re5
Rxb6 48. Ra5 f6 49. Kc4 Kg6 50. Kc5 Rb8 51. Rb3 Bd7 52. Kd6 Be8 53. Ke7  1-0

[Event "2. Bundesliga Ost 2019/2020"]
[Site "alle Wien"]
[Date "2020.02.29"]
[Round "8"]
[Board "2"]
[White "Bawart, Markus"]
[Black "Vyskocil, Neklan"]
[Result "1/2-1/2"]
[WhiteElo "2370"]
[BlackElo "2295"]
[PlyCount "148"]
[EventDate "2019.10.19"]
[EventType "team"]
[EventRounds "11"]
[EventCountry "AUT"]
[WhiteTeam "SG Mistelbach/Altlichtenwarth"]
[BlackTeam "SK Hietzing"]

1. d4 Nf6 2. Nf3 e6 3. e3 c5 4. Bd3 Nc6 5. O-O d5 6. c3 Qc7 7. Nbd2 Be7 8. Qe2
O-O 9. dxc5 Bxc5 10. e4 dxe4 11. Nxe4 Nxe4 12. Qxe4 f5 13. Qc4 Bd6 14. Re1 Kh8
15. Qh4 e5 16. Bc4 Be7 17. Bg5 Bxg5 18. Nxg5 h6 19. Qh5 Qe7 20. Nf7+ Kh7 21.
Rad1 e4 22. h4 Ne5 23. Ng5+ Kh8 24. Bb3 Qe8 25. Qxe8 Rxe8 26. Nf7+ Nxf7 27.
Bxf7 Rf8 28. Bb3 b6 29. f3 exf3 30. gxf3 Rb8 31. Re7 Rb7 32. Rxb7 Bxb7 33. Kf2
Bc6 34. Rd6 Bb5 35. a4 Be8 36. Rd8 g5 37. hxg5 hxg5 38. Ra8 a5 39. Rb8 Kg7 40.
Rb7+ Kf6 41. Rxb6+ Kg7 42. Ra6 Rh8 43. Kg2 Bg6 44. Rxa5 Rb8 45. Rb5 Rd8 46. Bd5
Be8 47. Ra5 Bxa4 48. Rxa4 Rxd5 49. Rb4 Rd2+ 50. Kf1 Kg6 51. c4 Kh5 52. Rb5 Rc2
53. b3 f4 54. Ke1 Kh4 55. Rc5 Rc3 56. b4 Rxf3 57. b5 Rb3 58. Rc6 Kg3 59. b6 f3
60. Rf6 Rb1+ 61. Kd2 f2 62. c5 Rb5 63. Ke2 Rxc5 64. Rf3+ Kg4 65. Rb3 Rc8 66.
Kxf2 Kf4 67. b7 Rb8 68. Rb5 g4 69. Kg2 Ke4 70. Kg3 Kd4 71. Kxg4 Kc4 72. Rb1 Kc5
73. Kf5 Kc6 74. Ke6 Rxb7  1/2-1/2

[Event "2. Bundesliga Ost 2019/2020"]
[Site "alle Wien"]
[Date "2020.02.29"]
[Round "8"]
[Board "3"]
[White "Belke, Frank"]
[Black "Groetz, Harald"]
[Result "1-0"]
[WhiteElo "2261"]
[BlackElo "2312"]
[PlyCount "149"]
[EventDate "2019.10.19"]
[EventType "team"]
[EventRounds "11"]
[EventCountry "AUT"]
[WhiteTeam "SK Hietzing"]
[BlackTeam "SG Mistelbach/Altlichtenwarth"]

1. d4 Nf6 2. c4 g6 3. Nc3 Bg7 4. e4 d6 5. Nge2 O-O 6. Ng3 e5 7. d5 a5 8. h4 h5
9. Bg5 Na6 10. Qd2 Bd7 11. Be2 Nc5 12. O-O-O Qe8 13. f3 Nh7 14. Be3 b6 15. Rde1
Qe7 16. Nf1 Rfe8 17. g4 hxg4 18. fxg4 Nf6 19. Ng3 Bxg4 20. h5 Bxe2 21. Qxe2 Qd7
22. Rh4 Nh7 23. Rg1 Bf6 24. Rg4 g5 25. Kc2 Kh8 26. Rf1 Bd8 27. h6 f6 28. Nh5
Rg8 29. Ng7 Be7 30. Rg3 Bf8 31. Nf5 Qe8 32. Qg4 Rd8 33. b3 Rd7 34. Nb5 Qd8 35.
Na7 Rf7 36. Nc6 Qd7 37. a3 Nb7 38. Qh5 Qe8 39. b4 Re7 40. Qg4 Rd7 41. Rb1 a4
42. b5 Nc5 43. Kc3 Nb3 44. Rg2 Qc8 45. Nb4 Rd8 46. Qd1 Re8 47. Na6 Qd7 48. Qh5
Ra8 49. Nb4 Rc8 50. Nc6 Ra8 51. Qg4 Re8 52. Kc2 Ra8 53. Bd2 Re8 54. Bb4 Qf7 55.
Kd3 Ra8 56. Ke3 Re8 57. Rh1 Ra8 58. Rgh2 Re8 59. Ng3 Ra8 60. Qe6 Qxe6 61. dxe6
Re8 62. Nf5 Nd4 63. Ncxd4 exd4+ 64. Nxd4 Be7 65. Bc3 Rg6 66. Nf5 Bf8 67. Ng7
Re7 68. Kf3 Kg8 69. Kg4 Bxg7 70. hxg7 Rexg7 71. Kf5 g4 72. Rxh7 Rg5+ 73. Kxf6
R5g6+ 74. Kf5 Rg5+ 75. Kf4  1-0

[Event "2. Bundesliga Ost 2019/2020"]
[Site "alle Wien"]
[Date "2020.02.29"]
[Round "8"]
[Board "4"]
[White "Vrana, Frantisek"]
[Black "Penz, Harald"]
[Result "1-0"]
[WhiteElo "2254"]
[BlackElo "2278"]
[PlyCount "71"]
[EventDate "2019.10.19"]
[EventType "team"]
[EventRounds "11"]
[EventCountry "AUT"]
[WhiteTeam "SG Mistelbach/Altlichtenwarth"]
[BlackTeam "SK Hietzing"]

1. Nf3 d5 2. g3 Nf6 3. Bg2 e6 4. d3 Be7 5. Nbd2 O-O 6. e4 c5 7. O-O Nc6 8. e5
Nd7 9. Re1 Qc7 10. Qe2 b6 11. h4 Bb7 12. Nf1 Nd4 13. Nxd4 cxd4 14. Bf4 Rfc8 15.
Rec1 b5 16. Nh2 a5 17. Ng4 Qb6 18. h5 a4 19. h6 g6 20. Re1 a3 21. b3 Rc3 22.
Rac1 Rac8 23. Qd2 Qc7 24. Re2 Nc5 25. Rce1 Na6 26. Bg5 Nb4 27. Qf4 Bf8 28. Bh3
Nxc2 29. Rd1 Nb4 30. Qf3 Nc6 31. Kh2 Nd8 32. Nf6+ Kh8 33. Ne8 Qd7 34. Nd6 Rb8
35. Bxd8 Bxh6 36. Nxf7+  1-0

[Event "2. Bundesliga Ost 2019/2020"]
[Site "alle Wien"]
[Date "2020.02.29"]
[Round "8"]
[Board "5"]
[White "Mozny, Milos"]
[Black "Gasa, Andrej"]
[Result "1/2-1/2"]
[WhiteElo "2256"]
[BlackElo "2213"]
[PlyCount "43"]
[EventDate "2019.10.19"]
[EventType "team"]
[EventRounds "11"]
[EventCountry "AUT"]
[WhiteTeam "SK Hietzing"]
[BlackTeam "SG Mistelbach/Altlichtenwarth"]

1. d4 Nf6 2. Nf3 e6 3. c4 d5 4. g3 Be7 5. Bg2 O-O 6. O-O b6 7. cxd5 exd5 8.
Nbd2 c5 9. b3 Nc6 10. Bb2 Bf5 11. Rc1 Rc8 12. dxc5 Bxc5 13. a3 a5 14. e3 Qe7
15. Nb1 Be4 16. Bh3 Rcd8 17. Nd4 Nxd4 18. Bxd4 Bg6 19. Bg2 Be4 20. Bh3 Bg6 21.
Bg2 Ne4 22. Bh3  1/2-1/2

[Event "2. Bundesliga Ost 2019/2020"]
[Site "alle Wien"]
[Date "2020.02.29"]
[Round "8"]
[Board "6"]
[White "Hajek, Oskar"]
[Black "Wagner, Leopold Franziskus"]
[Result "1/2-1/2"]
[WhiteElo "2166"]
[BlackElo "2098"]
[PlyCount "24"]
[EventDate "2019.10.19"]
[EventType "team"]
[EventRounds "11"]
[EventCountry "AUT"]
[WhiteTeam "SG Mistelbach/Altlichtenwarth"]
[BlackTeam "SK Hietzing"]

1. e4 c6 2. Nc3 d5 3. Nf3 Nf6 4. e5 Nfd7 5. d4 e6 6. Ng5 Be7 7. Qh5 g6 8. Qh6
Bf8 9. Qh3 Be7 10. Qh6 Bf8 11. Qh3 Be7 12. Qh6 Bf8  1/2-1/2

[Event "2. Bundesliga Ost 2019/2020"]
[Site "alle Wien"]
[Date "2020.02.29"]
[Round "8"]
[Board "1"]
[White "Sharashenidze, Akaki"]
[Black "Lipka, Juraj"]
[Result "1/2-1/2"]
[WhiteElo "2373"]
[BlackElo "2405"]
[PlyCount "63"]
[EventDate "2019.10.19"]
[EventType "team"]
[EventRounds "11"]
[EventCountry "AUT"]
[WhiteTeam "SK Advisory Invest Baden"]
[BlackTeam "ASVOE Pamhagen"]

1. e4 d5 2. exd5 Qxd5 3. Nc3 Qd8 4. d4 Nf6 5. h3 c6 6. Nf3 Bf5 7. Bd3 Bxd3 8.
Qxd3 e6 9. O-O Nbd7 10. Ne4 Qc7 11. c3 Be7 12. Nxf6+ Nxf6 13. a4 O-O 14. Bg5 c5
15. dxc5 Rfd8 16. Qe2 Qxc5 17. Rfd1 Nd5 18. Bxe7 Nxe7 19. Rxd8+ Rxd8 20. Rd1
Rxd1+ 21. Qxd1 Nd5 22. Qd4 Qxd4 23. Nxd4 Nb6 24. b3 a6 25. Kf1 Kf8 26. g3 Nd5
27. Ne2 Ke7 28. Ke1 Kd6 29. Kd2 Ne7 30. Nd4 e5 31. Nc2 f5 32. Ne3  1/2-1/2

[Event "2. Bundesliga Ost 2019/2020"]
[Site "alle Wien"]
[Date "2020.02.29"]
[Round "8"]
[Board "2"]
[White "Volkmann, Friedrich Karl"]
[Black "Rubil, Marko"]
[Result "0-1"]
[WhiteElo "2403"]
[BlackElo "2290"]
[PlyCount "80"]
[EventDate "2019.10.19"]
[EventType "team"]
[EventRounds "11"]
[EventCountry "AUT"]
[WhiteTeam "ASVOE Pamhagen"]
[BlackTeam "SK Advisory Invest Baden"]

1. d4 d5 2. c4 c6 3. Nf3 Nf6 4. Nc3 dxc4 5. a4 Bf5 6. e3 e6 7. Bxc4 Bb4 8. O-O
Nbd7 9. Qe2 Bg6 10. e4 O-O 11. Bd3 c5 12. Na2 Ba5 13. e5 Nd5 14. Bxg6 hxg6 15.
Rd1 Qb6 16. Qe4 Qb3 17. Rd3 Qc2 18. Ng5 Bd8 19. b3 cxd4 20. Qxd4 Nxe5 21. Rh3
Bxg5 22. Bxg5 f6 23. Bc1 Rfd8 24. Bd2 Nb6 25. Qh4 Rxd2 26. Nc3 Rc8 27. Re1 Rxc3
28. Qh8+ Kf7 29. Rh7 Ke7 30. Qxg7+ Kd6 31. Qe7+ Kd5 32. Qxf6 Re2 33. Qd8+ Nbd7
34. Rxd7+ Nxd7 35. Qxd7+ Kc5 36. b4+ Kc4 37. Rf1 Qe4 38. Qb5+ Kb3 39. f3 Qe3+
40. Kh1 Re1  0-1